logo

Bir Sreshtho Munshi Abdur Rouf Library
Jhenaidah Cadet College

পালামৌ / (Record no. 2461)

MARC details
000 -LEADER
fixed length control field 00704nam a2200205 a 4500
001 - CONTROL NUMBER
JCCL Control Number 2670
003 - CONTROL NUMBER IDENTIFIER
JCCL marc code BD-JhCC
005 - DATE AND TIME OF LATEST TRANSACTION
control field 20190504134016.0
008 - FIXED-LENGTH DATA ELEMENTS--GENERAL INFORMATION
fixed length control field 171102s1989 bg ||||| |||| 00| 0 ben d
035 ## - SYSTEM CONTROL NUMBER
system control number (BD-JhCC)
040 ## - CATALOGING SOURCE
Original cataloging agency BD-JhCC
Modifying agency BD-JhCC
041 ## - LANGUAGE CODE
Language code of Book ben
082 ## - DEWEY DECIMAL CLASSIFICATION NUMBER
Classification number 910
Author mark and Year CHA 1989
100 ## - MAIN ENTRY--PERSONAL NAME
Personal name চট্টোপাধ্যায়, সঞ্জীবচন্দ্র
245 ## - TITLE STATEMENT
Title পালামৌ /
Statement of responsibility, etc সঞ্জীবচন্দ্র চট্টোপাধ্যায়
260 ## - PUBLICATION, DISTRIBUTION, ETC. (IMPRINT)
Place of publication, distribution, etc ঢাকা :
Name of publisher, distributor, etc বিশ্বসাহিত্য কেন্দ্র ;
Date of publication, distribution, etc ১৯৮৯
300 ## - PHYSICAL DESCRIPTION
Pagination ৩৮ পৃ.;
Dimensions ২২ সেমি
650 ## - SUBJECT ADDED ENTRY--TOPICAL TERM
Topical term or geographic name as entry element Travelogue
942 ## - ADDED ENTRY ELEMENTS (KOHA)
Source of classification or shelving scheme Dewey Decimal Classification
Koha item type Books
Koha issues (borrowed), all copies 1
Holdings
Source of classification or shelving scheme Damaged status Not for loan Home library Current library Date of accession Total Checkouts Full call number Barcode Date last seen Date checked out Copy number Koha item type
Dewey Decimal Classification     JCC Rouf Library JCC Rouf Library 11/02/2017 1 910 CHA 1989 2670 05/08/2019 05/04/2019 C-1 Books

JCC Library | Contacts | JCC Home

Last Update on 23 September 2017
Copyright @ 2017-2020 JCC Rouf Library
Rouf Library, Jhenidah Cadet College (JCC), Bangladesh